Homenaje a Jorge Gaitán Durán en los cien años de su natalicio : febrero 12 de 1924 - febrero 12 de 2024 /

Detalles Bibliográficos
Autor principal: Pulido Castellanos, Flor Delia (Autor)
Formato: Electrónico eBook
Lenguaje:español
Publicado: [Pamplona, Colombia] : Sello Editorial Unipamplona, [2024]
Edición:Segunda edición, revisada y ampliada.
Colección:Colección Ciencias sociales y humanas (Universidad de Pamplona)
Materias:
Acceso en línea:Digitalia Hispánica

MARC

LEADER 00000nam a2200000 i 4500
001 DIGUPAMP0058
003 NyNyDIG
007 cr |||||||||||
008 250903s2024 ck o ob 000 0 spa d
006 m o d
035 |a (OCoLC)1536545459 
040 |a DGITA  |b eng  |e rda  |e pn  |c DGITA 
020 |a 9786287656178  |q (digital) 
024 7 |a 10.24054/seu.65  |2 doi 
043 |a s-ck--- 
050 1 4 |a PQ8180.17.A35 ebook 
100 1 |a Pulido Castellanos, Flor Delia,  |e author. 
245 1 0 |a Homenaje a Jorge Gaitán Durán en los cien años de su natalicio :  |b febrero 12 de 1924 - febrero 12 de 2024 /  |c Flor Delia Pulido Castellanos. 
250 |a Segunda edición, revisada y ampliada. 
264 1 |a [Pamplona, Colombia] :  |b Sello Editorial Unipamplona,  |c [2024] 
300 |a 1 online resource :  |b photographs. 
336 |a text  |b txt  |2 rdacontent 
337 |a computer  |b c  |2 rdamedia 
338 |a online resource  |b cr  |2 rdacarrier 
347 |a text file  |2 rdaft 
347 |b PDF 
490 1 |a Colección Ciencias sociales y humanas 
504 |a Includes bibliographical references. 
588 0 |a Online resource; title from PDF title page (Digitalia, viewed September 3, 2025) 
600 1 0 |a Gaitán Durán, Jorge  |x Criticism an interpretation. 
791 2 |a Digitalia (Firm),  |e distributor. 
793 0 |g Digitalia eBook Collection:  |a Universidad de Pamplona 
830 0 |a Colección Ciencias sociales y humanas (Universidad de Pamplona) 
856 4 0 |3 Digitalia Hispánica  |u https://www.digitaliapublishing.com/a/175705/ 
910 |a Premium collection: 2025